000 00454nam a2200169Ia 4500
005 20260330110343.0
008 260330s9999||||xx |||||||||||||| ||und||
020 _a9789568209513
041 _aspa
100 _aPavez, Ana Maria, Recart, Constanza
245 0 _aSabores De America /
_cAna Maria Recart Constanza Pavez
250 _a1 ed.
260 _aSantiago :
_bInstituto Caro Y Cuervo.
_c2010
300 _a29 p.
650 _aCUENTO
942 _cBKL
999 _c607
_d607